000
00275nam a22001217a 4500
008
170222b xxu||||| |||| 00| 0 eng d
041
_a
eng
080
_2
3 ED
_a
6161 31
100
_a
5
101
_a
SHS
245
_a
HANDBOOK PEDRIATICS DENTISTRY
_c
NOWAK.A.J
942
_2
udc
_c
BK
999
_c
6073
_d
6073